Statistics for Christmas Scramble

Click here to take the quiz!

General Stats

  • This quiz has been taken 19,750 times
  • The average score is 14 of 21

Answer Stats

Hint Answer % Correct
ELNONoël
92%
LYUEYule
91%
NASATSanta
91%
OLHYLHolly
90%
DERENIERReindeer
85%
RETETree
84%
LBSELBells
83%
RMYAMary
81%
REYRMMerry
79%
LACROCarol
78%
FSTIGGifts
76%
EGHSILSleigh
70%
TESLINTinsel
64%
LIMTEOSETMistletoe
59%
DPHROLURudolph
57%
HIYCEMNChimney
49%
GRANMEManger
49%
VINYATTINativity
45%
DAETNVAdvent
36%
TAKRECCUNRNutcracker
28%
Santa BoxBETHLEHEM
26%

Score Distribution

Percentile by Number Answered

Percent of People with Each Score

Your Score History

You have not taken this quiz